Biggest sources of immigrants to Georgia - Statistics

General Stats
  • This quiz has been taken 37 times
  • The average score is 8 of 10
Answer Stats
Hint Answer % Correct
106,136 India
93%
47,691 China
87%
218,893 Mexico
87%
20,272 United Kingdom
87%
20,513 Philippines
83%
49,270 Vietnam
77%
22,823 Colombia
70%
47,902 Korea
70%
57,328 Jamaica
67%
30,278 El Salvador
63%
No matching quizzes found
Score Distribution
Percent of People with Each Score
Percentile by Number Answered
Your Score History
You have not taken this quiz